Normal view
MARC view
- Proctor, Russell F
Entry Personal Name
001 - CONTROL NUMBER
- control field: 90870
003 - CONTROL NUMBER IDENTIFIER
- control field: NUST
005 - DATE AND TIME OF LATEST TRANSACTION
- control field: 20220411104932.0
008 - FIXED-LENGTH DATA ELEMENTS
- fixed length control field: 220411|| aca||aabn | a|a d
040 ## - CATALOGING SOURCE
- Original cataloging agency: NUST
- Transcribing agency: NUST
100 ## - HEADING--PERSONAL NAME
- Personal name: Proctor, Russell F
670 ## - SOURCE DATA FOUND
- Source citation: Work cat.: (NUST)0: Adler, Ronald B. (Ronald Brian), 1946- 90868, Interplay :, 2004.
